000 00820nas a2200253 4500
001 BR0100369
003 BR-BrBNA
005 20231205102036.0
007 ta
008 230509b bl.|||p| |||| 00| 00por d
040 _aBR-BrBNA
_bpor
_cBiblioteca Nacional de Agricultura
041 _a(Pt)
072 _aM12
100 1 _aSantamaria, F.M.
100 1 _aAntunes, S.A.
245 1 _aColoracao e rendimento do file de piracanjuba (Brycon orbignyanus, valencienntes, 1849), (Pisces, Cahracidae)silvestre e criada em cativeiro
650 _aPiracanjuba
650 _aCor
650 _aRendimento
650 _aCriacao em Cativeiro
773 0 _tBoletim do Instituto de Pesca (Brazil)
_xISSN 0046-9939
_g(1998-1999), v. 25 p. 27-30
_wBR0100369
909 _a202311
_bLúcia
_c55
_dLúcia Elande
942 _2AGRIS
_n0
_cANA
999 _c165414
_d165414